| 000 | 01128cam a2200229 4500 | ||
|---|---|---|---|
| 001 | WB3911-15 | ||
| 008 | 030318n2003 000 0 eng u | ||
| 035 | _a(Sirsi) u121656 | ||
| 245 | _aCongestion charge | ||
| 260 | _c2003 | ||
| 490 |
_aLondon First Centre News Release _v 17 March 2003, (2) |
||
| 520 | _aDetails of a survey carried out to assess the support for the new congestion charge in London. Shows that 74% of those questioned thought the charge had worked with only 3% thinking it had not. The impact on business overall was generally positive with only a minority of 5% reporting a negative impact with the majority thinking the charge had no overall impact on their business. Includes details of the short questionnaire. For the London First News release: http://www.london-first.co.uk/press_centre/newsreleasedetail.asp?L2=106&NewsReleaseId=1904 | ||
| 590 | _aWB | ||
| 650 | _aLONDON | ||
| 650 | _aCONGESTION CHARGE | ||
| 650 | _aPUBLIC TRANSPORT | ||
| 650 | _aBUSINESS STRATEGY | ||
| 650 | _aLONDON FIRST | ||
| 650 | _aTRANSPORT FOR LONDON | ||
| 690 | _aTRANSPORT AND COMMUNICATIONS | ||
| 942 | _n0 | ||
| 999 |
_c72317 _d72317 |
||